Фрагменты из документального фильма "Вена"

RUSMARC
00005311cgm0a2200361#x 450
0015d550a3d-891e-4cb0-9875-6a9ddec22dce
00520250414152557.0
100##$a20250410d1945####k###0rusy50 ca
1010#$arus
102##$aRU
115##$aa008aa|||b|||||||xx|
1220#$ad1945######
2001#$aФрагменты из документального фильма "Вена"
$j1945 г.
251##$cДокумент
300##$aКинохроника
300##$aЦентральная студия документальных фильмов, 1945 г. Режиссер: Я. Посельский. Съемка операторов 3-го Украинского фронта
300##$aПродолжительность: 7 мин 42 с
60102$2prlib_sh
$3LIBNET\UAF\0000057828
$aУкраинский фронт
$c3; 1943 - 1945
$jКинохроника
605##$2prlib_sh
$3LIBNET\UAF\0000088514
$aВторая мировая война в архивных документах (Комплекс оцифрованных архивных документов, кино- и фотоматериалов)
$lколлекция
605##$2acquisition_Prlib
$3DITM\AF\0000002775
$aВласть
$lколлекция
605##$2acquisition_Prlib
$3DITM\AF\0000003834
$aНарод
$lколлекция
6061#$2nlr_sh
$3RU\NLR\AUTH\661572905
$aВенская операция
$z1945
$jКинохроника
6061#$2prlib_sh
$3LIBNET\UAF\0000116481
$aВторая мировая война
$z1939 - 1945
$yВена, город (Австрия)
$jКинохроника
6061#$2nlr_sh
$3RU\NLR\AUTH\6615750
$aВеликая Отечественная война
$z1941 - 1945
$xГерои и героизм
$jКинохроника
608##$2prlib_sh
$3DITM\AF\0000002533
$aИсторические документальные фильмы
617##$dВена, город (Австрия)
$2prlib_sh
686##$a63.3(2)622,13я04
$2rubbk
$vLBC/M
686##$a63.3(4Вен)62,1я04
$2rubbk
$vLBC/M
801#0$aRU
$bПБ им. Б.Н. Ельцина
$c20250410
801#1$aRU
$bПБ им. Б.Н. Ельцина
$c20250410
$2rusmarc
801#2$aRU
$bПБ им. Б.Н. Ельцина
$c20250414
$2rusmarc
850##$aРоссийский государственный архив кинофотофонодокументов
852##$aРГАКФФД
$jУч. № 5146
035##$aLIBNET\0001467299
937##$d196601122
$hФедеральное архивное агентство
8564#$uhttp://readingroom.main.prlib.ru/item.aspx?id_node=n196601122&mode=full
$d8039
Формат отображения